000 00860nam a2200277 a 4500
001 vtls000969356
003 NLI
005 20210627095145.0
008 120112s1878 xxk 000 0 eng
039 9 _y201201121809
_zEntertech_02
040 0 _aNLI
_beng
_cEntertech-FY 2010
_eAACR2
041 0 _aeng
044 _axxk
084 _a124.E.371
100 1 _aSteevens, Charles
_9909580
245 1 0 _aReminiscences of my military life from 1795 to 1818 /
_cCharles Steevens ; edited by Nathaniel Steevens
260 _aWinchester, :
_bWarrn,
_c1878
300 _a124 , ix ;
_c21 cm.
650 0 _aPeninsular War, 1807-1814
_9804162
651 0 _aGreat Britain
_xHistory
_9687840
700 1 _aSteevens , Nathaniel,
_4edt
_9909581
887 _a
901 _aIMP74592 :
_b29.9.2010
902 _a124.E.371
999 _aVIRTUA
_c793155
_d793155
942 _2ddc
_cBKS